• 首页
  • 本馆介绍
  • 公告通知
  • 最新文献
  • 馆藏检索
  • 电子资源
  • 读者导购
  • 参考咨询
  • 我的图书馆
  • 登录
  • 详细信息显示
  • 放入我的书架
  • 预约/预借图书
  • 作者相关作品
  • 分类相关作品
  • 丛书相关作品
  • 出版社相关作品

书目信息

  • 表格格式
  • 工作单格式
  • 卡片格式
题名:
中国高尔夫产业发展研究
    
 
作者: 詹新寰 著
分册:  
出版信息: 北京   经济日报出版社  2014
页数: 201页
开本: 23cm
丛书名: 经济学研究丛书
单 册:
中图分类: G849.3
科图分类:
主题词: 高尔夫球运动--Gao Er Fu Qiu Yun Dong--体育产业--产业发展--研究--中国
电子资源:
ISBN: 978-7-80257-573-8
000 01027nam0 22002651 450
001 350161
005 20161010092806.59
010    @a978-7-80257-573-8@dCNY38.00
100    @a20140227d2014 em y0chiy50 ea
101 0  @achi
102    @aCN@b110000
105    @ay z 000yy
106    @ar
200 1  @a中国高尔夫产业发展研究@AZhong Guo Gao Er Fu Chan Ye Fa Zhan Yan Jiu@e基于SCP框架的分析@f詹新寰著
210    @a北京@c经济日报出版社@d2014
215    @a201页@d23cm
225 2  @a经济学研究丛书@AJing Ji Xue Yan Jiu Cong Shu
330    @a本书以产业组织理论中的SCP分析框架为理论基础,采用文献资料、专家访谈、逻辑分析、数理统计等研究方法,对中国高尔夫产业的发展现状和趋势进行了较为深入的研究。
461  0 @12001 @a经济学研究丛书
517 1  @a基于SCP框架的分析@AJi Yu SCPKuang Jia De Fen Xi
606 0  @a高尔夫球运动@AGao Er Fu Qiu Yun Dong@x体育产业@x产业发展@x研究@y中国
690    @aG849.3@v5
701  0 @a詹新寰@AZhan Xin Huan@f(1978~)@4著
801  0 @aCN@bTANGWEI@c20160803
905    @b0888630-4@dG849.3@e373@f5
    
    中国高尔夫产业发展研究:基于SCP框架的分析/詹新寰著 .-北京:经济日报出版社,2014
    201页;23cm.-(经济学研究丛书)
    
    
    ISBN 978-7-80257-573-8:CNY38.00
    本书以产业组织理论中的SCP分析框架为理论基础,采用文献资料、专家访谈、逻辑分析、数理统计等研究方法,对中国高尔夫产业的发展现状和趋势进行了较为深入的研究。
●
相关链接 在E读中查询图书 在五车中查询图书 在当当中查询图书 在豆瓣中查询图书


正题名:中国高尔夫产业发展研究     索取号:G849.3/373         预约/预借

序号 登录号 条形码 馆藏地/架位号 状态 备注
1 0888630   208886302   第一样本阅览室/ [索取号:G849.3/373] 在馆    
2 0888631   208886311   第四借阅区/ [索取号:G849.3/373] 在馆    
3 0888632   208886320   第四借阅区/ [索取号:G849.3/373] 在馆    
4 0888633   208886339   第四借阅区/ [索取号:G849.3/373] 在馆    
5 0888634   208886348   第四借阅区/ [索取号:G849.3/373] 在馆    
唐山师范学院图书馆 欢迎您!
大连网信软件有限公司© 版权所有